Statystyki dla Koszykarze z Europy w NBA

Kliknij tutaj aby rozwiązać quiz!

Ogólne statystyki

  • Ten quiz został rozwiązany 801 razy
  • Średni wynik to 26 z 36

Statystyki odpowiedzi

Kraj% Poprawnych
Polska
98%
Francja
92%
Niemcy
92%
HIszpania
91%
Rosja
86%
Słowenia
86%
Włochy
84%
Słowacja
83%
Czechy
81%
Litwa
81%
Ukraina
81%
Grecja
80%
Serbia
80%
Łotwa
77%
Szwecja
77%
Norwegia
75%
Wielka Brytania
74%
Finlandia
73%
Belgia
72%
Chorwacja
72%
Holandia
71%
Austria
69%
Białoruś
69%
Estonia
69%
Turcja
64%
Szwajcaria
63%
Rumunia
62%
Węgry
62%
Bułgaria
61%
Irlandia
61%
Bośnia i Hercegowina
59%
Czarnogóra
58%
Islandia
52%
Macedonia Północna
51%
Gruzja
41%
Izrael
24%

Rozkład punktacji

Percentyl według liczby udzielonych odpowiedzi

Procent ludzi z każdym wynikiem

Twoja historia wyników

Nie rozwiązałeś tego quizu